History Quiz

Random History or Politics Quiz

A Million Times for UK Parliament Quiz Stats

Quiz Updated Jun 9, 2017

Challenge
Share
Tweet
Embed
Score 0/19 Timer 05:00
8 Plays Today
Votes Party % Correct
292,131,364Conservative and Unionist Party (1835-2017)
98.1%
270,715,154Labour Party (1900-2017)
97.6%
2,750,871Green Party (1987-2017)
83%
6,511,511United Kingdom Independence Party (1997-2017)
81.1%
34,233,133Liberal Democrats (1992-2017)
79.8%
79,827,780Liberal Party (1865-1987)
79.6%
8,387,285Scottish National Party (1935-2017)
77.6%
1,947,563Sinn Féin (1918-2017)
63%
2,393,618Plaid Cymru (1929-2017)
60.8%
3,123,257Whig Party (1832-1859)
58.2%
Votes Party % Correct
1,689,133Democratic Unionist Party (1974-2017)
56.4%
7,058,934Ulster Unionist Party (1922-2017)
45.1%
6,682,154Social Democratic Party (1983-1987)
41.6%
1,712,241Social Democratic and Labour Party (1974-2017)
31.6%
10,783,072(Scottish) Unionist Party (1918-1964)
22.3%
2,674,210Coalitian Liberal Party/National Liberal Party (1918-1922)
7.2%
4,967,393National Liberal Party (1931-1966)
7.2%
1,352,569Irish Parliamentary Party (1885-1918)
4.8%
1,530,777Liberal Unionist Party (1886-1910)
4.1%

You're not logged in!

Compare scores with friends on all Sporcle quizzes.
Join for Free
OR
Log In

You Might Also Like...

Show Comments

Extras

Top Quizzes Today


Score Distribution

Your Account Isn't Verified!

In order to create a playlist on Sporcle, you need to verify the email address you used during registration. Go to your Sporcle Settings to finish the process.

Report this User

Report this user for behavior that violates our Community Guidelines.

Details: